Mapa de reinos de Poniente: Mapa de Clic (GOT) - Estadísticas

Estadísticas generales
  • Esta prueba ha sido intentada 95 veces
  • La puntuación promedio es 6 de 9
Respuestas en el mapa
Las respuestas están codificadas por una escala verde-roja en el mapa de la prueba según el % correcto abajo.
 
Estadísticas de respuestas
Respuesta % Correcto
Islas del Hierro
93%
Norte
87%
Dorne
80%
Tierras del Oeste
75%
Tierras de la Corona
70%
Tierras de los Rios
67%
El Valle
65%
El Dominio
64%
Tierras de la Tormenta
48%
No se encontraron pruebas coincidentes
Distribución de puntuación
Porcentaje de gente con cada puntuación
Porcentaje por número respondido
Historial de tus puntuaciones
No has intentado esta prueba.